Théorie élémentaire des géométries non euclidiennes. Tome I /

Guardado en:
Autor Principal: Tresse, A.
Formato: Libro
Idioma:French
Publicado: Paris : Gauthier-Villars, 1957.
Etiquetas: Agregar Etiqueta
Sin Etiquetas, Sea el primero en etiquetar este registro!
LEADER 00470nam a22001455a 4500
001 MAT.inmabb001184
008 031120s1957####fr############000#0#fre#d
005 20170811164813.0
245 1 0 |a Théorie élémentaire des géométries non euclidiennes.  |n Tome I /  |c par A. Tresse. 
260 |a Paris :  |b Gauthier-Villars,  |c 1957. 
300 |a 150 p. ;  |c 24 cm. 
510 4 |a MR,  |c MR0090063 
100 1 |a Tresse, A. 
084 |a 51-XX  |2 msc2000 
859 |h 51  |i T799  |p A-1256  |v 1  |3 Tomo I  |b BIB. MATEMATICA